000 00211 a2200097 4500
001 15146
100 _aTaylor F.J
245 _aWorkshop practice
260 _aLondon
_bTechnical press
_c
090 _c11891
_d11891
942 _aNUST-CAE
_cM
_c2104
999 _c250219
_d250219